Computer aided Design (Record no. 16975)
[ view plain ]
| 000 -LEADER | |
|---|---|
| fixed length control field | 00363nam a2200157Ia 4500 |
| 003 - CONTROL NUMBER IDENTIFIER | |
| control field | OSt |
| 005 - DATE AND TIME OF LATEST TRANSACTION | |
| control field | 20240315104549.0 |
| 008 - FIXED-LENGTH DATA ELEMENTS--GENERAL INFORMATION | |
| fixed length control field | 170619s9999 xx 000 0 und d |
| 040 ## - CATALOGING SOURCE | |
| Transcribing agency | IIMT ENGINEERING COLLEGE |
| 100 ## - MAIN ENTRY--PERSONAL NAME | |
| Personal name | Arora, S.C. |
| 245 #0 - TITLE STATEMENT | |
| Title | Computer aided Design |
| 260 ## - PUBLICATION, DISTRIBUTION, ETC. | |
| Name of publisher, distributor, etc. | Dhanpat Rai Pub. |
| 260 ## - PUBLICATION, DISTRIBUTION, ETC. | |
| Date of publication, distribution, etc. | 2003 |
| 546 ## - LANGUAGE NOTE | |
| Language note | ENGLISH |
| 942 ## - ADDED ENTRY ELEMENTS (KOHA) | |
| Source of classification or shelving scheme | |
| Koha item type | Book Bank |
| Withdrawn status | Lost status | Source of classification or shelving scheme | Damaged status | Not for loan | Home library | Current library | Date acquired | Source of acquisition | Barcode | Date last seen | Uniform Resource Identifier | Price effective from | Koha item type | Total Checkouts | Date last checked out |
|---|---|---|---|---|---|---|---|---|---|---|---|---|---|---|---|
| IIMT Engineering College-BTech | IIMT Engineering College-BTech | 01/21/2004 | 22 | 06-B-7040 | 07/03/2017 | CS | 07/03/2017 | Text-Book- for 7 days | |||||||
| IIMT Engineering College-BTech | IIMT Engineering College-BTech | 01/21/2004 | 22 | 06-B-7041 | 02/06/2019 | CS | 07/03/2017 | Text-Book- for 7 days | 1 | 12/06/2018 |

